Mediappeal: a new kind of appeal procedure? (Record no. 65913)

MARC details
000 -LEADER
fixed length control field 01593cam a2200241 4500
008 - FIXED-LENGTH DATA ELEMENTS--GENERAL INFORMATION
fixed length control field 000000n2000 000 0 eng u
035 ## - SYSTEM CONTROL NUMBER
System control number (Sirsi) u110600
100 ## - MAIN ENTRY--PERSONAL NAME
Personal name Pearce, B.
245 ## - TITLE STATEMENT
Title Mediappeal: a new kind of appeal procedure?
260 ## - PUBLICATION, DISTRIBUTION, ETC.
Date of publication, distribution, etc. 2000
490 ## - SERIES STATEMENT
Series statement Journal of Planning and Environment Law
Volume/sequential designation 2000, 1240-1245(6)
520 ## - SUMMARY, ETC.
Summary, etc. Introduces the concept of mediappeal in planning disputes, Mediation-Arbitration (Med-Arb), whereby the Planning Inspector acts initially as mediator but if that process fails assumes the role of arbitrator, issuing a final and binding decision. Mediappeal has similar benefits to mediation in that it is cheaper, more flexible and quicker than the appeal process, but with added incentives for the parties to agree. Recent research in the United States has, however, suggested that mediappeal diminishes the flexibility of mediation; that there are difficulties deciding when the mediation phase should end and arbitration should begin; that the different parties can introduce differing facts at different stages of the case; and that the Inspector's capacity to act as adjudicator can be compromised. Concludes that on the whole, mediappeal, is less than the sum of the parts, mediation and arbitration.
590 ## - LOCAL NOTE (RLIN)
Local note ABS
650 ## - SUBJECT ADDED ENTRY--TOPICAL TERM
Topical term or geographic name entry element DISPUTE RESOLUTION
9 (RLIN) 6236
650 ## - SUBJECT ADDED ENTRY--TOPICAL TERM
Topical term or geographic name entry element MED-ARB
650 ## - SUBJECT ADDED ENTRY--TOPICAL TERM
Topical term or geographic name entry element MEDIAPPEAL
650 ## - SUBJECT ADDED ENTRY--TOPICAL TERM
Topical term or geographic name entry element MEDIATION
650 ## - SUBJECT ADDED ENTRY--TOPICAL TERM
Topical term or geographic name entry element MEDIATION-ARBITRATION
650 ## - SUBJECT ADDED ENTRY--TOPICAL TERM
Topical term or geographic name entry element PLANNING APPEAL PROCEDURES
650 ## - SUBJECT ADDED ENTRY--TOPICAL TERM
Topical term or geographic name entry element PLANNING APPEALS
690 ## - LOCAL SUBJECT ADDED ENTRY--TOPICAL TERM (OCLC, RLIN)
Topical term or geographic name as entry element ENVIRONMENTAL AND LAND CONSULTANCY-PLANNING AND DEVELOPMENT
942 ## - ADDED ENTRY ELEMENTS (KOHA)
Suppress in OPAC 0
Holdings
Withdrawn status Lost status Source of classification or shelving scheme Damaged status Not for loan Home library Current library Shelving location Date acquired Total Checkouts Barcode Date last seen Copy number Price effective from Koha item type
    Dewey Decimal Classification     London London Journal article 29/01/2001   110600-1001 06/08/2019 1 06/08/2019 Journal article